| 000 | 00602nam a2200229Ia 4500 | ||
|---|---|---|---|
| 003 | OSt | ||
| 005 | 20221007074247.0 | ||
| 006 | a|||||r|||| 00| 0 | ||
| 007 | ta | ||
| 008 | 221006b |||||||| |||| 00| 0 eng d | ||
| 024 | _a19,111 | ||
| 037 | _cTextual | ||
| 040 |
_aFLL _cFLL _beng |
||
| 041 |
_2eng _aeng |
||
| 082 | _aZ:8825, K2 | ||
| 100 |
_aJoiner Charles W. _9248095 |
||
| 245 | 0 | _aCivil justice and the jury | |
| 260 |
_aN.J. _bPrentice-Hall, Inc. USA _c1962 |
||
| 300 |
_a238p _ccm. |
||
| 942 |
_hZ:8825, K2 _cTEXL _2CC |
||
| 999 |
_c1151728 _d1151728 |
||